00986ntm a22002297a 450000500170000000800410001704000280005808200170008610000210010324501860012426000100031030000380032050001570035859000120051565000450052765300230057265500090059570000260060494200080063099900170063895201010065520170810130843.0170802s2009 xx a frb 000 0 eng d aEG-ScBUEbengcEG-ScBUE04222a650bSHA1 aShahin, Mahitab.14aThe relationship between employee empowerment and customer loyalty In the hospitality Industry :ba study in Chain Restaurants in Cairo /cby Mahitab Shahin; Sherine El Fekey. c2008. av, 64 p. :bill. (col.) ;c28 cm. aA dissertation submitted in partial fulfillment of the requirements for the award of B.A. in business administration, general business specialisation.  aAngham. 72BUEshaBusiness AdministrationvProjects bBUSADMcAugust2017 vSPRO aFekey, Sherine.eths. 2ddc c25358d25330 00102ddc4070aMAINbMAINc2NDd2017-08-09l0o650 SHAp000046786r2025-07-15 00:00:00yPROJST